000 01762cam a2200493 4500
001 21961
003 VRT
005 20260316114814.0
008 081209s2008 xo a br 000 j slo
015 _aSNBZSA2022/10
020 _a9788025210956
_q(viazané)
039 9 _a202210050917
_bmsnk167
_c202210050842
_dmsnk167
_c202203171503
_dmsnk03
_c200908270830
_dmbpksh03
040 _aPPPK
_bslo
_cPPPK
_dSNK
_erda
041 1 _aslo
_h[eng]
044 _axo
_cSK
072 7 _a821.111(73)-3
_xAmerická próza
_2konspekt
072 7 _a821-93
_xLiteratúra pre deti a mládež
_2konspekt
080 _a821.111(73)-34
_22011
080 _a82-34:808.1
_22011
080 _a82-93-053.4/.5
_22011
110 1 _aDisney
_bvíly
_4aut
245 1 0 _aCililing
_cDisney víly ; ilustrácie The Disney Storybook Artists ; preklad Jarmila Wankeová
250 _a1. vydanie
264 1 _aV Prahe
_bEgmont ČR
_c2008
300 _a64 strán
_bilustrácie
_c28 cm
336 _atext
_btxt
_2rdacontent
336 _astatický obraz
_bsti
_2rdacontent
337 _abez média
_bn
_2rdamedia
338 _azväzok
_bnc
_2rdacarrier
500 _aCopyright Disney Enterprises
500 _aPreložené z angličtiny
655 7 _aamerické rozprávky
_2SNKPH
655 7 _aautorské rozprávky
_2SNKPH
655 7 _aliteratúra pre deti
_2SNKPH
655 7 _aAmerican fairy tales
_2SNKPHeng
655 7 _aAuthor fairy tales
_2SNKPHeng
655 7 _aChildren's literature
_2SNKPHeng
700 1 _aWankeová, Jarmila
_4trl
710 2 _aDisney Enterprises
_4pbl
942 _2ddc
_cKLDE
_n0
949 _617A1470213
_asnkSB 97932
_bsnk2022/4099
_o17/22 - em
_s6100:20221221
949 _64710710095
_astrmkM
_bstrmk2013/10095
949 _63869A09904
_abpksh821.111(73)-34
_bbpksh57413
999 _c21961
_d21961